000 00434nam a2200181Ia 4500
001 8506
005 20260306160614.0
008 260306t2008||||xx |||||||||||||| ||spa||
041 _aESP
082 _a370.15
_bA72
100 _aArias Gallegos, Walter Lizandro
_eAUT
245 0 _aFundamentos del aprendizaje
260 _c2008
300 _a300 páginas :
_c20 cm.
650 _aGEN
654 _aCED
942 _cLIB
_dJUS
_fJUS
_2ddc
_n
999 _c8506
_d8506